Bailey & Scott’s diagnostic microbiology

Guardat en:
Dades bibliogràfiques
Autor principal: Forbes, Betty A.
Format: Llibre
Idioma:Undetermined
Publicat: St. Louis Mosby Elsevier 2007
Matèries:
Etiquetes: Afegir etiqueta
Sense etiquetes, Sigues el primer a etiquetar aquest registre!
Thư viện lưu trữ: Trung tâm Học liệu Trường Đại học Cần Thơ
LEADER 00625nam a2200193Ia 4500
001 CTU_145408
008 210402s9999 xx 000 0 und d
020 |c 117.46 
082 |a 616.90475 
082 |b F693 
100 |a Forbes, Betty A. 
245 0 |a Bailey & Scott’s diagnostic microbiology 
245 0 |c Betty A. Forbes, Daniel F. Sahm, Alice S. Weissfeld ; photography by Ernest A. Trevino. 
260 |a St. Louis 
260 |b Mosby Elsevier 
260 |c 2007 
650 |a Diagnostic microbiology,Chẩn đoán vi trùng học 
904 |i Năm 
980 |a Trung tâm Học liệu Trường Đại học Cần Thơ